[Event "Dhaka Saarc op"]
[Site "Dhaka"]
[Date "2019.12.02"]
[Round "8"]
[White "Mohamed, Hassan2222"]
[Black "Mohammad Salman, Munshi"]
[Result "1-0"]
[WhiteElo "1840"]
[BlackElo "1593"]
[PlyCount "63"]
[EventDate "2019.11.25"]
[EventType "swiss"]
[EventRounds "9"]
[EventCountry "BAN"]
[SourceTitle "CBM 193 Extra"]
[Source "ChessBase"]
[SourceDate "2020.01.31"]
[SourceVersion "1"]
[SourceVersionDate "2020.01.31"]
[SourceQuality "1"]

1. d4 b5 2. Nf3 Bb7 3. Bf4 Nf6 4. e3 a6 5. Nbd2 d6 6. c4 b4 7. Qa4+ Bc6 8. Qxb4 Nh5 9. Bg3 Nxg3 10. hxg3 Nd7 11. Bd3 Rb8 12. Qc3 Nb6 13. b3 Nd7 14. Qc2 h6 15. d5 Ba8 16. Nd4 Ne5 17. Be2 g6 18. f4 Nd7 19. f5 Ne5 20. fxg6 Nxg6 21. Bh5 Rg8 22. Rf1 Qd7 23. Rxf7 Kxf7 24. Ne6 Rg7 25. Qf5+ Kg8 26. Bxg6 Qc8 27. Ke2 c6 28. e4 cxd5 29. exd5 Bxd5 30. cxd5 Qc3 31. Rf1 Qxg3 32. Qxf8+ 1-0

[Event "Udaipur Lakecity rapid op 1st"]
[Site "Udaipur"]
[Date "2019.09.14"]
[Round "3"]
[White "Himanshu, Sharma"]
[Black "Mohammad Salman, Munshi"]
[Result "1-0"]
[WhiteElo "2408"]
[BlackElo "1681"]
[PlyCount "63"]
[EventDate "2019.09.14"]
[EventType "swiss (rapid)"]
[EventRounds "9"]
[EventCountry "IND"]
[SourceTitle "EXT 2020"]
[Source "ChessBase"]
[SourceDate "2019.10.17"]
[SourceVersion "1"]
[SourceVersionDate "2019.10.17"]
[SourceQuality "1"]

1. e4 d6 2. d4 Nf6 3. Nc3 g6 4. g3 Bg7 5. Bg2 0-0 6. Nge2 Nc6 7. d5 Ne5 8. f4 Nc4 9. Qd3 Nb6 10. Be3 Bg4 11. h3 Bxe2 12. Nxe2 Qd7 13. 0-0 Rac8 14. c4 c5 15. Nc3 a6 16. Rae1 Nh5 17. g4 Nf6 18. e5 Ne8 19. e6 fxe6 20. dxe6 Qxe6 21. Nd5 Na8 22. Bd2 Qd7 23. Nxe7+ Kh8 24. Nxc8 Qxc8 25. Re7 Nac7 26. Bc3 Qd8 27. Rfe1 Rxf4 28. Bxb7 Bd4+ 29. Bxd4+ Rxd4 30. Qf3 Ng7 31. Re8+ Ncxe8 32. Qf8# 1-0

[Event "Udaipur Lakecity op 1st"]
[Site "Udaipur"]
[Date "2019.09.13"]
[Round "1"]
[White "Mohammad Salman, Munshi"]
[Black "Saptarshi, Roy Chowdhury"]
[Result "0-1"]
[WhiteElo "1681"]
[BlackElo "2480"]
[PlyCount "44"]
[EventDate "2019.09.13"]
[EventType "swiss"]
[EventRounds "10"]
[EventCountry "IND"]
[SourceTitle "EXT 2020"]
[Source "ChessBase"]
[SourceDate "2019.10.17"]
[SourceVersion "1"]
[SourceVersionDate "2019.10.17"]
[SourceQuality "1"]

1. d4 d5 2. Bg5 Nc6 3. e3 Bf5 4. c3 f6 5. Bf4 e5 6. Bg3 e4 7. Bb5 Bd6 8. Ne2 h5 9. h4 Nge7 10. Nd2 a6 11. Ba4 Qd7 12. c4 dxc4 13. Bxd6 Qxd6 14. Nxc4 Qb4+ 15. Nd2 0-0-0 16. Qc2 Nxd4 17. Nxd4 Rxd4 18. Rc1 c6 19. Bb3 Rd7 20. a3 Qa5 21. Ba2 Rhd8 22. Ke2 Rxd2+ 0-1

[Event "BAN Walton 1st League"]
[Site "Dhaka"]
[Date "2018.10.28"]
[Round "4.2"]
[White "Mohammad Salman, Munshi"]
[Black "Sambarta, Banerjee"]
[Result "0-1"]
[WhiteElo "1668"]
[BlackElo "1883"]
[PlyCount "92"]
[EventDate "2018.10.25"]
[EventType "team-tourn"]
[EventRounds "11"]
[EventCountry "BAN"]
[SourceTitle "CBM 187 Extra"]
[Source "ChessBase"]
[SourceDate "2018.11.04"]
[SourceVersion "1"]
[SourceVersionDate "2018.11.04"]
[SourceQuality "1"]
[WhiteTeam "Legend Faraz Ayaiz"]
[BlackTeam "Basir Memorial"]
[WhiteTeamCountry "BAN"]
[BlackTeamCountry "BAN"]

1. d4 Nf6 2. c4 e5 3. d5 Bc5 4. e3 0-0 5. Nc3 d6 6. Qc2 Nbd7 7. a3 a5 8. Nf3 Qe7 9. Bd3 Re8 10. Ng5 h6 11. Nge4 Bb6 12. Bd2 Nxe4 13. Bxe4 Nc5 14. Bf5 Bxf5 15. Qxf5 e4 16. 0-0-0 g6 17. Qh3 Nd3+ 18. Kc2 Nxf2 19. Qxh6 Nxh1 20. Rxh1 Qe5 21. g4 a4 22. Nxa4 Bxe3 23. Qxe3 Rxa4 24. Kb3 Raa8 25. Bc3 Qe7 26. Qh6 f6 27. Qxg6+ Qg7 28. Qf5 Qg5 29. Qf1 b5 30. h4 bxc4+ 31. Ka2 Qg7 32. g5 e3 33. gxf6 e2 34. Qe1 Qf7 35. Rg1+ Kf8 36. Rg7 Qxd5 37. f7 Re3 38. Rg8+ Kxf7 39. Rg7+ Kf8 40. Rg5 Qf7 41. h5 Qf1 42. Bg7+ Ke8 43. Qb4 e1Q 44. Qb5+ Ke7 45. Bf8+ Qxf8 46. Qc6 Raxa3+ 0-1

[Event "BAN-chT2"]
[Site "Dhaka"]
[Date "2017.10.27"]
[Round "6.2"]
[White "Rasel, Sheikh"]
[Black "Mohammad Salman, Munshi"]
[Result "0-1"]
[WhiteElo "1825"]
[BlackElo "1663"]
[PlyCount "82"]
[EventDate "2017.10.22"]
[EventType "team-swiss"]
[EventRounds "7"]
[EventCountry "BAN"]
[SourceTitle "CBM 181 Extra"]
[Source "ChessBase"]
[SourceDate "2017.12.12"]
[SourceVersion "1"]
[SourceVersionDate "2017.12.12"]
[SourceQuality "1"]
[WhiteTeam "Chess Q"]
[BlackTeam "Legend Faraz Ayiaz"]
[WhiteTeamCountry "BAN"]
[BlackTeamCountry "BAN"]

1. e4 e5 2. Nf3 Nc6 3. Bc4 Bc5 4. c3 Nf6 5. Qe2 0-0 6. Bb3 d6 7. d3 h6 8. Nbd2 Bg4 9. h3 Bh5 10. Nf1 d5 11. g4 Bg6 12. Ng3 Kh8 13. Nh4 dxe4 14. dxe4 Bh7 15. Nhf5 Ng8 16. h4 Na5 17. Bc2 Be7 18. g5 c5 19. gxh6 g6 20. Nxe7 Qxe7 21. Nf1 f5 22. Bg5 Qf7 23. exf5 gxf5 24. Qxe5+ Nf6 25. 0-0-0 Rae8 26. Bxf6+ Qxf6 27. Qxc5 Nc6 28. Rd6 Re1+ 29. Rd1 Rxd1+ 30. Bxd1 b6 31. Qd5 Rd8 32. Qg2 Qxh6+ 33. Qg5 Qd6 34. Bb3 f4 35. Rg1 Rd7 36. Bc2 Ne5 37. Qh5 Qe6 38. Qe2 Bxc2 39. Kxc2 Qf5+ 40. Kc1 Nd3+ 41. Kd2 Nb4+ 0-1

[Event "BAN-chT2"]
[Site "Dhaka"]
[Date "2017.10.26"]
[Round "5.2"]
[White "Tanzina, Akter Tani"]
[Black "Mohammad Salman, Munshi"]
[Result "0-1"]
[WhiteElo "1632"]
[BlackElo "1663"]
[PlyCount "114"]
[EventDate "2017.10.22"]
[EventType "team-swiss"]
[EventRounds "7"]
[EventCountry "BAN"]
[SourceTitle "CBM 181 Extra"]
[Source "ChessBase"]
[SourceDate "2017.12.12"]
[SourceVersion "1"]
[SourceVersionDate "2017.12.12"]
[SourceQuality "1"]
[WhiteTeam "Debonair"]
[BlackTeam "Legend Faraz Ayiaz"]
[WhiteTeamCountry "BAN"]
[BlackTeamCountry "BAN"]

1. e4 e5 2. Nf3 Nc6 3. Bb5 Bc5 4. d3 Nf6 5. Bg5 0-0 6. 0-0 d6 7. h3 Be6 8. Nc3 Nd4 9. Ba4 h6 10. Bh4 g5 11. Bg3 Nh5 12. Nxd4 Nxg3 13. fxg3 Bxd4+ 14. Kh2 Bxc3 15. bxc3 Kg7 16. Bb3 Qd7 17. Qf3 f6 18. Rf2 Kg6 19. Rb1 b6 20. Rbf1 Qe7 21. Qe2 Rf7 22. h4 g4 23. h5+ Kh7 24. Bxe6 Qxe6 25. Rf5 Rg8 26. Qf2 Kg7 27. c4 c5 28. Qe2 Kf8 29. c3 Ke7 30. Qd2 Rg5 31. Qc1 Qd7 32. R1f2 Ke6 33. Qd1 Ke7 34. d4 exd4 35. cxd4 Qe6 36. d5 Qd7 37. R2f4 a6 38. Qe2 b5 39. a3 b4 40. axb4 cxb4 41. Qb2 Rxf5 42. exf5 a5 43. Qe2+ Kd8 44. Qxg4 b3 45. Rf2 a4 46. Qd4 Qb7 47. Qb2 Qb4 48. Rf3 Qxc4 49. Qa3 Qxd5 50. Qxa4 Rb7 51. Re3 Rb5 52. Qa7 Qb7 53. Qd4 Kd7 54. Qxf6 b2 55. Re7+ Kc6 56. Qc3+ Kb6 57. Qd4+ Ka5 0-1

[Event "BAN-chT2"]
[Site "Dhaka"]
[Date "2016.11.05"]
[Round "3.2"]
[White "Mohammad Salman, Munshi"]
[Black "Jannatul, Ferdous"]
[Result "1/2-1/2"]
[WhiteElo "1735"]
[BlackElo "1518"]
[PlyCount "124"]
[EventDate "2016.11.03"]
[EventType "team-swiss"]
[EventRounds "7"]
[EventCountry "BAN"]
[SourceTitle "CBM 175 Extra"]
[Source "ChessBase"]
[SourceDate "2016.12.12"]
[SourceVersion "1"]
[SourceVersionDate "2016.12.12"]
[SourceQuality "1"]
[WhiteTeam "Royel Electronics"]
[BlackTeam "Bangladesh Mohila Daba"]
[WhiteTeamCountry "BAN"]
[BlackTeamCountry "BAN"]

1. e4 c5 2. Nf3 e6 3. Bb5 a6 4. Be2 d5 5. exd5 exd5 6. 0-0 Nf6 7. d4 Nc6 8. c3 cxd4 9. Nxd4 Bc5 10. Be3 Qb6 11. Nxc6 bxc6 12. Bxc5 Qxc5 13. Nd2 Rb8 14. Nb3 Qb6 15. Qc2 0-0 16. h3 a5 17. Rab1 Ba6 18. Bxa6 Qxa6 19. Qf5 Ne4 20. Rfd1 Qe2 21. Nd4 Qc4 22. f3 Nf6 23. Qg5 h6 24. Qg3 Nh5 25. Qh4 Nf6 26. a3 c5 27. Nf5 Qxh4 28. Nxh4 g6 29. g4 Rfe8 30. Kf2 Rb6 31. Ng2 Reb8 32. Rd2 Rb3 33. Nf4 Rxc3 34. bxc3 Rxb1 35. Nxd5 Nxd5 36. Rxd5 Rb3 37. Rxc5 Rxa3 38. Rc8+ Kg7 39. h4 Ra1 40. Ke2 a4 41. Ra8 a3 42. Kd2 a2 43. Kc2 Rf1 44. Rxa2 Rf2+ 45. Kb3 Rxf3 46. Ra4 Kf6 47. Re4 Rh3 48. Rf4+ Ke5 49. Rxf7 Rxh4 50. Re7+ Kd6 51. Re4 h5 52. Rd4+ Ke6 53. Re4+ Kd6 54. Rd4+ Ke6 55. c4 Rxg4 56. Rd2 h4 57. c5 Rf4 58. Rd6+ Ke7 59. Rxg6 Kd7 60. Rh6 Kc7 61. Kc3 Kd7 62. Kd3 Kc7 1/2-1/2

[Event "BAN-chT2"]
[Site "Dhaka"]
[Date "2016.11.04"]
[Round "2.2"]
[White "Uten"]
[Black "Mohammad Salman, Munshi"]
[Result "1-0"]
[WhiteElo "2141"]
[BlackElo "1735"]
[PlyCount "91"]
[EventDate "2016.11.03"]
[EventType "team-swiss"]
[EventRounds "7"]
[EventCountry "BAN"]
[SourceTitle "CBM 175 Extra"]
[Source "ChessBase"]
[SourceDate "2016.12.12"]
[SourceVersion "1"]
[SourceVersionDate "2016.12.12"]
[SourceQuality "1"]
[WhiteTeam "Esoft Arena"]
[BlackTeam "Royel Electronics"]
[WhiteTeamCountry "BAN"]
[BlackTeamCountry "BAN"]

1. d4 Nf6 2. g3 g6 3. Bg2 Bg7 4. e4 d6 5. Ne2 Nc6 6. 0-0 0-0 7. c4 a6 8. Nbc3 Re8 9. a3 Nd7 10. Be3 Nf8 11. b4 Nb8 12. Qd2 Nbd7 13. f4 e6 14. Rad1 Qe7 15. Kh1 Nf6 16. Bg1 Ng4 17. e5 h5 18. h3 Nh6 19. Ne4 Nh7 20. Qd3 d5 21. Nd2 c6 22. c5 Bd7 23. Nb3 Rad8 24. Be3 Nf5 25. Bf2 Nh6 26. Bf3 f5 27. Na5 Bc8 28. a4 Qc7 29. Rc1 Bf8 30. Rg1 Be7 31. g4 hxg4 32. hxg4 Kg7 33. g5 Nf7 34. Be1 Rh8 35. Kg2 Rdg8 36. b5 axb5 37. axb5 Nhxg5 38. fxg5 Bxg5 39. Bd2 Be7 40. b6 Qb8 41. Rh1 Rxh1 42. Rxh1 g5 43. Ng3 g4 44. Bxg4 fxg4 45. Rh7+ Kf8 46. Qf1 1-0

[Event "Dhaka op"]
[Site "Dhaka"]
[Date "2016.06.24"]
[Round "1"]
[White "Hossain, Showkat Pollab"]
[Black "Mohammad Salman, Munshi"]
[Result "1-0"]
[WhiteElo "2148"]
[BlackElo "1717"]
[PlyCount "63"]
[EventDate "2016.06.24"]
[EventType "swiss"]
[EventRounds "9"]
[EventCountry "BAN"]
[SourceTitle "EXT 2017"]
[Source "ChessBase"]
[SourceDate "2016.10.25"]
[SourceVersion "1"]
[SourceVersionDate "2016.10.25"]
[SourceQuality "1"]

1. e4 e5 2. d4 exd4 3. Qxd4 Nc6 4. Qe3 g6 5. Bd2 Bg7 6. Nc3 Nf6 7. 0-0-0 d6 8. h3 a6 9. g4 Nd7 10. Nge2 Nb6 11. Ng3 Be6 12. f4 Qh4 13. g5 Bd4 14. Qf3 h6 15. Be1 hxg5 16. Nge2 Qh6 17. Nxd4 Nxd4 18. Rxd4 gxf4 19. Nd5 0-0-0 20. Nxf4 c5 21. Bd2 Qg7 22. Rd3 Bc4 23. Bc3 f6 24. Rd2 Rhe8 25. Ba5 Bxa2 26. Bxb6 Rd7 27. Rg1 g5 28. Nh5 Qg6 29. Nxf6 Rf8 30. e5 d5 31. Bd3 Qh6 32. Bf5 1-0